| 000 | 00489nam a22001577a 4500 | ||
|---|---|---|---|
| 005 | 20240904122434.0 | ||
| 008 | 240904b |||||||| |||| 00| 0 eng d | ||
| 020 | _a978-0-276-44245-2 | ||
| 082 |
_a635.9 _bTIM |
||
| 245 |
_aTime-Saving Garden : _bachieve and amintain a beautiful garden with minimal time and effort / _cReader Digest |
||
| 260 |
_aUSA : _bReader Digest ; _c2006. |
||
| 300 |
_a320 p. : _bill ; _c25 cm. |
||
| 500 | _aInclude Index. | ||
| 650 | _aAgriculture | ||
| 999 |
_c36539 _d36539 |
||